000
00328 a2200157 4500
001
180627
020
_a
040
_c
Magnum
100
_a
Braga, Welber da Silva
240
1
0
_a
Menino e onca
_l
por
245
1
0
_a
Menino e onca
362
0
_a
1899
440
1
_a
LĂȘ
697
_a
MAGNITO: IJ/SOCIEDADE COTIDIAN
942
_c
BK
999
_c
180627
_d
180627